|
|
|
|
| LEADER |
01584nam a2200385 a 4500 |
| 001 |
000565742 |
| 003 |
CZ BrMZK |
| 005 |
20070115134453.0 |
| 007 |
ta |
| 008 |
000115s2001 xr e c cze d |
| 015 |
|
|
|a cnb001021857
|
| 020 |
|
|
|a 80-7056-095-9
|
| 035 |
|
|
|a (OCoLC)51190785
|
| 040 |
|
|
|a BOA001
|b cze
|
| 043 |
|
|
|a e-xr---
|
| 072 |
|
7 |
|a 72/76
|x Výtvarné umění
|2 Konspekt
|9 21
|
| 080 |
|
|
|a 72/76(437.3)
|2 MRF
|
| 080 |
|
|
|a 7.038.544
|2 MRF
|
| 080 |
|
|
|a 7.036/.038
|2 MRF
|
| 080 |
|
|
|a (437.3)
|2 MRF
|
| 080 |
|
|
|a (083.824)
|2 MRF
|
| 245 |
0 |
0 |
|a Objekt :
|b metamorfózy v čase : [katalog výstavy] : České muzeum výtvarných umění v Praze, Dům u Černé Matky Boží 31.5.-26.8.2001 : [text: Olaf Hanel ... [et al.]].
|
| 246 |
3 |
3 |
|a Metamorfózy v čase
|
| 260 |
|
|
|a Praha :
|b České muzeum výtvarných umění,
|c 2001
|
| 300 |
|
|
|a 126 s. :
|b barev. il. ;
|c 22 cm ;
|c [3] vol. příl.
|
| 650 |
0 |
7 |
|a české výtvarné umění
|7 ph116865
|y 20.-21. stol.
|2 czenas
|
| 650 |
0 |
7 |
|a objekty (umění)
|7 ph123590
|z Česko
|y 20.-21. stol.
|2 czenas
|
| 650 |
0 |
7 |
|a moderní umění
|7 ph115340
|z Česko
|2 czenas
|
| 655 |
|
7 |
|a katalogy výstav
|7 fd132536
|2 czenas
|
| 700 |
1 |
|
|a Hanel, Olaf,
|d 1943-2022
|7 jn20000400872
|
| 710 |
2 |
|
|a České muzeum výtvarných umění (Praha, Česko)
|7 kn20010709225
|
| 856 |
4 |
1 |
|u http://www.digitalniknihovna.cz/mzk/uuid/uuid:cbddd060-27e2-11e2-a433-005056827e52
|y Digitalizovaný dokument
|x NDK
|
| 910 |
|
|
|a BOA001
|b 2-1087.684
|
| 990 |
|
|
|a BK
|
| 996 |
6 |
|
|b 2610138142
|c 2-1087.684
|l MZK
|r Sklad / do 1 hodiny
|n 2
|p p.v.
|w 000565742
|u 000010
|a 1
|e BOA001
|j MZK50
|s P
|